Tác động nhóm trên tập hợp và ứng dụng

Các kiến thức chuẩn bị. Nhóm và đồng cấu nhóm. p - nhóm và nhóm tuyến tính tổng quát.....

Сохранить в:
Библиографические подробности
Главный автор: Nguyễn, Thị Thảo Nguyên (Tác giả)
Другие авторы: Nguễn Ngọc Châu T.S (Hướng dẫn)
Формат:
Язык:Vietnamese
Опубликовано: Đại học Đà Nẵng Đại học Sư phạm 2011
Серии:Báo cáo nghiên cứu khoa học Khoa Toán. Lớp 08 ST
Предметы:
Метки: Добавить метку
Нет меток, Требуется 1-ая метка записи!
Thư viện lưu trữ: Mạng thư viện Đại học Đà Nẵng
LEADER 01364nam a2200349 4500
001 000012736
003 9051
005 20120228080237.0
008 120228s2011 viesd
041 |a vie 
072 |a Công trình nghiên cứu khoa học 
082 |a 512.2  |b NG-N 
100 |a Nguyễn, Thị Thảo Nguyên  |e Tác giả 
245 |a Tác động nhóm trên tập hợp và ứng dụng  |c Nguyễn Thị Thảo Nguyên 
260 |a Đại học Đà Nẵng  |b Đại học Sư phạm  |c 2011 
300 |a 19 tr.  |c 29 cm 
490 |a Báo cáo nghiên cứu khoa học Khoa Toán. Lớp 08 ST 
520 |a Các kiến thức chuẩn bị. Nhóm và đồng cấu nhóm. p - nhóm và nhóm tuyến tính tổng quát..... 
653 |a Tập hợp 
653 |a Ứng dụng 
653 |a Tác động nhóm 
700 |a Nguễn Ngọc Châu  |c T.S  |e Hướng dẫn 
OWN |a LSP 
AVA |a UDN50  |b LSP  |d 512.2 NG-N  |e available  |t Error 5001 Not defined in file expand_doc_bib_avail.  |f 1  |g 0  |h N  |i 0  |k 1 
999 |a From the UDN01 
AVA |a UDN50  |b LSP  |d 512.2 NG-N  |e available  |t Error 5001 Not defined in file expand_doc_bib_avail.  |f 1  |g 0  |h N  |i 0  |k 1 
TYP |a Monograph 
TYP |a Printed language 
980 |a Mạng thư viện Đại học Đà Nẵng